Statistics for Apple IOS Icons

Click here to take the quiz!

General Stats

  • This quiz has been taken 149 times
  • The average score is 11 of 12

Answer Stats

Answer% Correct
App Store
99%
Safari
98%
Settings
97%
Facetime
96%
itunes
95%
Apple TV
94%
Wallet
90%
Contacts
88%
Calendar
86%
imovie
81%
imessage
77%
Podcasts
71%

Score Distribution

Percentile by Number Answered

Percent of People with Each Score

Your Score History

You have not taken this quiz